【1923年】北海道の市町村 - Statistics

General Stats
  • This quiz has been taken 27 times
  • The average score is 88 of 260
Answer Stats
支庁 回答 % Correct
石狩支庁 札幌市
100%
上川支庁 旭川市
100%
後志支庁 小樽市
79%
渡島支庁 函館市
79%
胆振支庁 室蘭市
79%
釧路国支庁 釧路市
79%
宗谷支庁 稚内町
63%
石狩支庁 江別町
58%
石狩支庁 手稲村
58%
石狩支庁 厚田村
58%
石狩支庁 浜益村
58%
空知支庁 岩見沢町
58%
胆振支庁 苫小牧町
58%
網走支庁 紋別町
58%
石狩支庁 白石村
53%
石狩支庁 当別村
53%
石狩支庁 新篠津村
53%
石狩支庁 千歳村
53%
空知支庁 赤平村
53%
空知支庁 芦別村
53%
空知支庁 北村
53%
上川支庁 上富良野村
53%
上川支庁 富良野町
53%
上川支庁 中富良野村
53%
上川支庁 占冠村
53%
留萌支庁 留萌町
53%
石狩支庁 琴似村
47%
石狩支庁 広島村
47%
石狩支庁 恵庭村
47%
空知支庁 滝川町
47%
空知支庁 砂川村
47%
空知支庁 月形村
47%
空知支庁 浦臼村
47%
上川支庁 当麻村
47%
上川支庁 鷹栖村
47%
上川支庁 神楽村
47%
上川支庁 比布村
47%
上川支庁 愛別村
47%
上川支庁 美瑛村
47%
上川支庁 南富良野村
47%
上川支庁 士別町
47%
河西支庁 帯広町
47%
河西支庁 鹿追村
47%
網走支庁 女満別村
47%
宗谷支庁 枝幸村
47%
宗谷支庁 頓別村
47%
留萌支庁 天塩村
47%
留萌支庁 幌延村
47%
留萌支庁 羽幌町
47%
留萌支庁 苫前村
47%
留萌支庁 増毛町
47%
石狩支庁 豊平町
42%
石狩支庁 石狩町
42%
空知支庁 夕張町
42%
空知支庁 新十津川村
42%
上川支庁 東川村
42%
上川支庁 名寄町
42%
上川支庁 中川村
42%
後志支庁 余市町
42%
後志支庁 赤井川村
42%
後志支庁 神恵内村
42%
後志支庁 | 根室支庁 | 檜山支庁 泊村
42%
後志支庁 倶知安町
42%
後志支庁 真狩村
42%
後志支庁 喜茂別村
42%
檜山支庁 江差町
42%
渡島支庁 木古内村
42%
渡島支庁 知内村
42%
渡島支庁 戸井村
42%
渡島支庁 椴法華村
42%
渡島支庁 森町
42%
渡島支庁 鹿部村
42%
渡島支庁 八雲町
42%
胆振支庁 洞爺村
42%
胆振支庁 壮瞥村
42%
胆振支庁 白老村
42%
胆振支庁 鵡川村
42%
日高支庁 浦河町
42%
日高支庁 様似村
42%
河西支庁 芽室村
42%
釧路国支庁 白糠村
42%
釧路国支庁 音別村
42%
釧路国支庁 釧路村
42%
根室支庁 標津村
42%
網走支庁 斜里村
42%
網走支庁 網走村
42%
網走支庁 遠軽村
42%
網走支庁 興部村
42%
網走支庁 雄武村
42%
宗谷支庁 宗谷村
42%
留萌支庁 遠別村
42%
留萌支庁 初山別村
42%
留萌支庁 焼尻村
42%
留萌支庁 天売村
42%
石狩支庁 篠路村
37%
空知支庁 栗沢村
37%
空知支庁 江部乙村
37%
空知支庁 深川町
37%
空知支庁 妹背牛村
37%
空知支庁 秩父別村
37%
空知支庁 沼田村
37%
空知支庁 幌加内村
37%
上川支庁 剣淵村
37%
上川支庁 和寒村
37%
後志支庁 古平町
37%
後志支庁 岩内町
37%
後志支庁 寿都町
37%
後志支庁 黒松内村
37%
檜山支庁 奥尻村
37%
檜山支庁 乙部村
37%
檜山支庁 熊石村
37%
檜山支庁 厚沢部村
37%
檜山支庁 上ノ国村
37%
渡島支庁 福島村
37%
渡島支庁 上磯町
37%
渡島支庁 大野村
37%
渡島支庁 七飯村
37%
渡島支庁 亀田村
37%
渡島支庁 砂原村
37%
渡島支庁 長万部村
37%
胆振支庁 幌別村
37%
日高支庁 門別村
37%
日高支庁 平取村
37%
日高支庁 新冠村
37%
日高支庁 静内村
37%
日高支庁 三石村
37%
河西支庁 幕別村
37%
河西支庁 豊頃村
37%
河西支庁 本別村
37%
河西支庁 音更村
37%
釧路国支庁 厚岸町
37%
釧路国支庁 浜中村
37%
釧路国支庁 弟子屈村
37%
釧路国支庁 足寄村
37%
根室支庁 根室村
37%
根室支庁 歯舞村
37%
根室支庁 別海村
37%
根室支庁 留夜別村
37%
根室支庁 留別村
37%
根室支庁 紗那村
37%
網走支庁 小清水村
37%
網走支庁 美幌町
37%
網走支庁 津別村
37%
網走支庁 常呂村
37%
網走支庁 佐呂間村
37%
網走支庁 滝上村
37%
宗谷支庁 沓形村
37%
空知支庁 長沼村
32%
空知支庁 由仁村
32%
空知支庁 雨竜村
32%
空知支庁 北竜村
32%
上川支庁 東旭川村
32%
上川支庁 永山村
32%
上川支庁 山部村
32%
上川支庁 美深町
32%
後志支庁 小沢村
32%
檜山支庁 瀬棚町
32%
胆振支庁 虻田村
32%
胆振支庁 伊達村
32%
胆振支庁 安平村
32%
日高支庁 幌泉村
32%
河西支庁 浦幌村
32%
根室支庁 蘂取村
32%
網走支庁 端野村
32%
網走支庁 留辺蘂町
32%
網走支庁 置戸村
32%
網走支庁 訓子府村
32%
網走支庁 渚滑村
32%
網走支庁 上湧別村
32%
宗谷支庁 中頓別村
32%
宗谷支庁 仙法志村
32%
宗谷支庁 鴛泊村
32%
宗谷支庁 船泊村
32%
宗谷支庁 香深村
32%
留萌支庁 鬼鹿村
32%
石狩支庁 札幌村
26%
空知支庁 歌志内村
26%
空知支庁 音江村
26%
上川支庁 神居村
26%
上川支庁 多寄村
26%
上川支庁 常盤村
26%
後志支庁 狩太村
26%
胆振支庁 厚真村
26%
釧路国支庁 淕別村
26%
網走支庁 野付牛町
26%
網走支庁 下湧別村
26%
宗谷支庁 鬼脇村
26%
留萌支庁 小平蘂村
26%
空知支庁 一已村
21%
空知支庁 納内村
21%
空知支庁 多度志村
21%
上川支庁 智恵文村
21%
後志支庁 朝里村
21%
後志支庁 高島町
21%
後志支庁 美国町
21%
後志支庁 歌棄村
21%
後志支庁 熱郛村
21%
後志支庁 西島牧村
21%
後志支庁 東島牧村
21%
渡島支庁 吉岡村
21%
日高支庁 荻伏村
21%
河西支庁 大津村
21%
河西支庁 西足寄村
21%
河西支庁 御影村
21%
釧路国支庁 太田村
21%
釧路国支庁 熊牛村
21%
網走支庁 相内村
21%
空知支庁 角田村
16%
空知支庁 幌向村
16%
後志支庁 塩谷村
16%
後志支庁 大江村
16%
後志支庁 入舸村
16%
後志支庁 余別村
16%
後志支庁 前田村
16%
後志支庁 磯谷村
16%
檜山支庁 東瀬棚村
16%
檜山支庁 利別村
16%
渡島支庁 福山町
16%
渡島支庁 大島村
16%
渡島支庁 小島村
16%
渡島支庁 落部村
16%
胆振支庁 徳舜瞥村
16%
釧路国支庁 昆布森村
16%
石狩支庁 藻岩村
11%
空知支庁 沼貝村
11%
空知支庁 三笠山村
11%
上川支庁 上士別村
11%
後志支庁 発足村
11%
檜山支庁 久遠村
11%
檜山支庁 貝取澗村
11%
渡島支庁 銭亀沢村
11%
渡島支庁 湯川村
11%
渡島支庁 尻岸内村
11%
胆振支庁 似湾村
11%
日高支庁 右左府村
11%
河西支庁 大正村
11%
河西支庁 屈足村
11%
釧路国支庁 鳥取村
11%
釧路国支庁 舌辛村
11%
根室支庁 和田村
11%
後志支庁 島野村
5%
後志支庁 東倶知安村
5%
後志支庁 南尻別村
5%
檜山支庁 太櫓村
5%
渡島支庁 尾札部村
5%
胆振支庁 弁辺村
5%
河西支庁 川合村
5%
河西支庁 川上村
5%
根室支庁 植別村
5%
根室支庁 斜古丹村
5%
後志支庁 真狩太村
0%
後志支庁 政泊村
0%
後志支庁 樽岸村
0%
渡島支庁 大沢村
0%
渡島支庁 茂別村
0%
渡島支庁 臼尻村
0%
河西支庁 茂寄村
0%
河西支庁 人舞村
0%
No matching quizzes found
Score Distribution
Percent of People with Each Score
Percentile by Number Answered
Your Score History
You have not taken this quiz